00737nam a22002297a 4500003000500000005001700005008004100022010001000063011001000073035001000083040000900093100001800102245006500120260006300185300001900248410005200267490003200319650003100351650004100382810005200423830003200475CHAP20220817043725.0001025d1968 enka r 00110 eng d a82725 a83697 a94212 cCHAP00aBickoff, E.M.10aOestrogenic constituents of forage plantsc/por E.M. Bickoff aBucks, England :bCommonwealth Agricultural Bureaux,c1968 a39 p. :bilus.21aCommonwealth Bureau of Pastures and Field Crops 0aReview seriesv; No. 1/196814aForrajesxInvestigación.14aPlantas forrajerasxInvestigación.21aCommonwealth Bureau of Pastures and Field Crops0 aReview seriesv; No. 1/1968